Wszystkie obwody i okręgi autonomiczne w Federacji Rosyjskiej - Statystyki

Ogólne statystyki
  • Ten quiz został rozwiązany 5 razy
  • Średni wynik to 3 z 5
Statystyki odpowiedzi
Rodzaj Odpowiedź % Poprawnych
Okręg Nieniecki
100%
Obwód Żydowski
100%
Okręg Czukocki
50%
Okręg Jamalsko Nieniecki
50%
Okręg Chanty Mansyjski
0%
Nie znaleziono quizów pasujących do podanych kryteriów
Rozkład punktacji
Procent ludzi z każdym wynikiem
Percentyl według liczby udzielonych odpowiedzi
Twoja historia wyników
Nie rozwiązałeś tego quizu